000 00808nam a2200217 a 4500
008 200619s2006 ||||||||||||||||| || u
020 _a9780521829519
050 _aQC 173.6 Hob
100 _aHobson, Michael P
245 1 0 _aGeneral relativity : an introduction for physicist
_cBy M.P Hobson; G. Efstathiou ; A.N. Lasenby
260 _aCambridge
_bCambridge University Press
_c2006
300 _axviii, 572 pages : illustrations
350 _a101.04
650 _aGRAVITY
650 _aCOSMOLOGY
650 _aGEOMETRY, DIFFERENTIAL
650 _aGENERAL RELATIVITY (PHYSICS)
700 _aLasenby, A.N
700 _aEfstathiuo, G
995 _FCBU-MAIN LIBRARY (Kitwe)
_I101.04
_M1
_UAVAILABLE
_WJun 25, 2020
_ZMain Library Open Access Collection
999 _c44417
_d44417